000 00474nam a2200193 a 4500
001 1773386111947
003 ACL
005 20260313124757.0
008 260313s2000##################000#0#eng##
020 _a9780684841861
082 0 4 _a641.5972
_bBAY
100 1 _aBayless, Rick,
_eauthor.
245 1 0 _aMexico One Plate At A Time :
260 _bSimon and Schuster,
_c2000.
300 _a392 pages
650 0 _aCooking.
942 _cENGLISH
040 _aACL
_beng
_cACL
999 _c617697
_d617697